La ciencia
Saved in:
| Main Authors: | , |
|---|---|
| Format: | Bog |
| Sprog: | spansk |
| Udgivet: |
Ciudad de México
Grijalbo
1968
|
| Udgivelse: | 1a. ed |
| Serier: | Colección 70, 26
|
| Fag: | |
| Tags: |
Tilføj Tag
Ingen Tags, Vær først til at tagge denne postø!
|
MARC
| LEADER | 00000nam a2200000 a 4500 | ||
|---|---|---|---|
| 001 | UCW6856 | ||
| 003 | CL-VaPUC | ||
| 008 | 920615e19680000MX |||||||||||||||||spa|d | ||
| 082 | 0 | 4 | |a 501 |b KED |2 21 |
| 100 | 0 | |a Kédrov, M. B |e author |9 311940 | |
| 700 | 0 | |a Spirkin, A |e author |9 311941 | |
| 245 | 1 | 3 | |a La ciencia |
| 250 | |a 1a. ed | ||
| 300 | |a 157 p | ||
| 942 | |c BK | ||
| 945 | |d 19920615 00:00:00 | ||
| 260 | |a Ciudad de México |b Grijalbo |c 1968 | ||
| 650 | 0 | |a Ciencia |9 255691 | |
| 650 | 0 | |a Filosofía de las ciencias |9 256466 | |
| 583 | |a last modification |c 19920615 00:00:00 |k Rodrigo Vera | ||
| 490 | 0 | |a Colección 70, 26 | |
| 999 | |c 219776 |d 219774 | ||
| 952 | |0 0 |1 0 |4 0 |6 501_000000000000000_KED_1968 |7 0 |8 P |9 211101 |a BIBEDU |b BIBEDU |c BIBEDU_PB |d 2019-11-15 |i 2793512 |o 501 KED 1968 |p 2793512 |r 2024-01-25 |w 2019-11-15 |y BK |k EDU | ||
| 952 | |0 0 |1 0 |4 0 |6 501_000000000000000_KED_1968 |7 0 |8 A |9 211102 |a BIBCUR |b BIBCUR |d 2019-11-15 |i 4528972 |o 501 KED 1968 |p 4528972 |r 2025-04-22 |w 2019-11-15 |y BK |k FIS | ||